Business research methods (Record no. 173621)

MARC details
000 -LEADER
fixed length control field 00404nam a2200157Ia 4500
008 - FIXED-LENGTH DATA ELEMENTS--GENERAL INFORMATION
fixed length control field 231217s9999 xx 000 0 und d
041 ## - LANGUAGE CODE
Language code of text/sound track or separate title English
082 ## - DEWEY DECIMAL CLASSIFICATION NUMBER
Classification number 001.42 COO;1 R
100 ## - MAIN ENTRY--PERSONAL NAME
Personal name Cooper, Donald R. Schindler, Pamela S.
245 #0 - TITLE STATEMENT
Title Business research methods
250 ## - EDITION STATEMENT
Edition statement 8th ed.
260 ## - PUBLICATION, DISTRIBUTION, ETC.
Date of publication, distribution, etc. 2003
Name of publisher, distributor, etc. Tata McGraw-Hill
Place of publication, distribution, etc. New Delhi
300 ## - PHYSICAL DESCRIPTION
Extent xix+857
300 ## - PHYSICAL DESCRIPTION
Dimensions CD1592
942 ## - ADDED ENTRY ELEMENTS (KOHA)
Koha item type Books
Holdings
Date last seen Total checkouts Full call number Accession number Uniform resource identifier Cost, total (INR) price Price effective from Category Lost status Damaged status Department Withdrawn status Home library Current library Shelving location Entry date Vendor Cost, normal purchase price Grants Billnumber Billdate Currency symbol Conversion rate Discount Old discount Public note
26/01/2024   001.42 COO;1 R 31014 digital/CD1594/index.html 340.00 26/01/2024 Books     Central Library   Central Library Central Library Library Annex 16/12/2004 Sai Books 425.00 IS 145 07/05/2007 RS 1 85 20  
26/01/2024   001.42 COO;2 R1 31015 digital/CD1594/index.html 340.00 26/01/2024 Books     Central Library   Central Library Central Library Library Annex 16/12/2004 Sai Books 425.00 IS 145 07/05/2007 RS 1 85 20  
26/01/2024   001.42 COO;3 31016 digital/CD1594/index.html 340.00 26/01/2024 Books     Central Library   Central Library Central Library Central Library 16/12/2004 Sai Books 425.00 IS 145 31/05/2007 RS 1 85 20 repl/mba/7322
26/01/2024   001.42 COO;4 41466   372.00 26/01/2024 Books     Central Library   Central Library Central Library Central Library 04/05/2006 Laxmi Publ., 465.00 MBA 393 06/01/2006 RS 1 93 20  
26/01/2024   001.42 COO;5 41467   372.00 26/01/2024 Books     Central Library   Central Library Central Library Central Library 04/05/2006 Laxmi Publ., 465.00 MBA 393 06/01/2006 RS 1 93 20  
26/01/2024   001.42 COO;6 41468   372.00 26/01/2024 Books     Central Library   Central Library Central Library Central Library 04/05/2006 Laxmi Publ., 465.00 MBA 393 06/01/2006 RS 1 93 20  
26/01/2024   001.42 COO;7 41469   372.00 26/01/2024 Books     Central Library   Central Library Central Library Central Library 04/05/2006 Laxmi Publ., 465.00 MBA 393 06/01/2006 RS 1 93 20  
26/01/2024   001.42 COO;8 41470   372.00 26/01/2024 Books     Central Library   Central Library Central Library Central Library 04/05/2006 Laxmi Publ., 465.00 MBA 393 06/01/2006 RS 1 93 20  

© For any Suggestions or Query, please contact the library staff @ librarian@pes.edu or Phone: +9180 2672 1983/ 2108.